000 01211cam a22003497a 4500
003 CHAP
005 20220329141626.0
008 971013s1982 r 00010 d
010 _a71232
011 _a72204
035 _a81758
040 _cCHAP
090 _aTesis
100 0 0 _aGalindo González, Guillermo.
_944296
245 0 _aAnálisis de contenido de la página agrícola del periódico El Dictamen de Veracruz y metodología para su evaluación
260 _aChapingo, Méx. :
_bEl autor,
_c1982
300 _a97 h.
502 _aTesis (M.C. Esp. en Desarrollo Rural) -- CP. Maestro en Ciencias
590 _aALEPH
_b10
_c20130110
_lUCH01
_h1411
590 _aBATCH-UPD
_b10
_c20130110
_lUCH01
_h0440
590 _aBATCH-UPD
_b10
_c20130110
_lUCH01
_h2144
590 _aBATCH-UPD
_b10
_c20130410
_lUCH01
_h0116
590 _aBATCH-UPD
_b10
_c20130914
_lUCH01
_h1024
590 _aCONVERSION
_b10
_c20130109
_lUCH01
_h1339
650 1 4 _aComunicación en agricultura.
_926212
650 1 4 _aPeriodismo agrícola.
_987178
901 _aBK
942 _cFOLL
949 _bBC
_cTES
_d-35358
_eTS1
_i81758
_si
949 _bBC
_cTES
_d-35359
_eTS2
_fc.2
_i81758
_si
949 _bBC
_cTES
_d-35360
_eTS2
_fc.3
_i81758
_si
999 _c71232
_d71232